000 00434nam a2200205Ia 4500
001 13601
003 GE_BSU
008 181216s||||||||xx |||||||||||||| ||und||
020 _a0340820330
040 _cGE_BSU
080 _a821.111-3
100 _aCarr,Irene.
245 _aFancy woman.
260 _aLondon.
260 _bHodder & Stoughton.
260 _c2002
300 _a409p;24cm.
653 _aFancy woman.
942 _cBK
999 _c46757
_d46757